000 002350000a22000970004500
100 1 _aLinthicum, Robert C.
245 1 0 _aPower : How do we use it for good?
300 _aNúm 33 (1992), Páginas 10-11
773 0 _tTogether
942 _cANA
999 _c56360
_d56360